000 00601nam a2200205 i 4500
001 49850
003 ES-MaACL
005 20230906162056.0
007 t|
008 030724s1956 mx ||||1| spa d
100 1 _aCozzens, James Gould.
_941414
245 1 3 _aLo justo y lo injusto /
_cJames Gould Cozzens ; [traducción de Floreal Mazía].
260 _aMéxico :
_bHermes,
_c1956 (
_fGráf. Panamericana)
300 _a567 p. ;
_c19 cm.
490 1 _aCobra
700 1 _aMazía, Floreal.
_979475
830 0 _aCobra
_9182298
852 _aES-MaACL
_jC-14450
_bR.40877
999 _c49850
_d49850